Pokemon commençant par la lettre P - Gen 1 à 9 - Statistiques

Statistiques générales
  • Ce quiz a été pris 69 fois
  • Le résultat moyen est 32 sur 74
Statistiques - réponses
Réponse % Correct
Pikachu
90%
Pichu
80%
Papilusion
68%
Palkia
66%
Pyroli
66%
Pachirisu
64%
Pingoléon
60%
Prinplouf
60%
Pyrax
60%
Ponyta
58%
Posipi
58%
Pyronille
58%
Pharamp
56%
Porygon
56%
Porygon-Z
56%
Ptéra
56%
Papinox
54%
Pohm
54%
Pohmarmotte
54%
Porygon 2
54%
Pohmotte
52%
Prismillon
52%
Pyrobut
52%
Papilord
48%
Phyllali
48%
Parecool
46%
Piafabec
46%
Ptiravi
46%
Ptitard
46%
Plumeline
44%
Pomdrapi
44%
Ptyranidur
44%
Pandarbare
42%
Pandespiègle
42%
Paras
42%
Parasect
42%
Pérégrain
42%
Picassaut
42%
Pitrouille
42%
Ponchien
42%
Ponchiot
42%
Phogleur
40%
Prédasterie
40%
Phanpy
38%
Piclairon
38%
Pijako
38%
Poichigeon
38%
Poussifeu
38%
Pachyradjah
36%
Palarticho
36%
Pashmilla
36%
Passerouge
36%
Palmaval
34%
Pifeuil
34%
Paragruel
32%
Paume-de-fer
32%
Polthégeist
32%
Pomdepik
32%
Psykokwak
32%
Polagriffe
30%
Polarhume
30%
Polichombr
30%
Poussacha
30%
Pierroteknik
28%
Poissirène
28%
Poissoroy
28%
Poulpaf
28%
Patachiot
26%
Persian
26%
Phione
26%
Pelage-sablé
24%
Pimito
24%
Psytigri
20%
Piétacé
14%
Aucun quiz correspondant
Distribution des résultats
% des personnes avec chaque résultat
Percentile par nombre de réponses
Votre historique - résultats
Vous n’avez pas pris ce quiz